|
|
|
|
| LEADER |
00000nam1a2200000 4500 |
| 001 |
139723 |
| 005 |
20231031141837.0 |
| 010 |
|
|
|a 528800479X
|
| 020 |
|
|
|a RU
|b 91-37518
|
| 035 |
|
|
|a (RuTPU)RU\TPU\book\151358
|
| 090 |
|
|
|a 139723
|
| 100 |
|
|
|a 20080610d1991 m a0rusy5003 ca
|
| 101 |
0 |
|
|a rus
|
| 200 |
1 |
|
|a Асимптотические методы в задачах о распространении звука в неоднородной движущейся среде
|f Н. С. Григорьева
|g Северо-Западный заочный политехнический институт (СЗПИ)
|
| 210 |
|
|
|a Ленинград
|c Изд-во ЛГУ
|d 1991
|
| 215 |
|
|
|a 238 с.
|c ил.
|
| 320 |
|
|
|a Библиогр.: с. 227-235.
|
| 610 |
1 |
|
|a асимптотические методы
|
| 610 |
1 |
|
|a задачи
|
| 610 |
1 |
|
|a звуки
|
| 610 |
1 |
|
|a движущиеся среды
|
| 675 |
|
|
|a 534.2
|v 3
|
| 700 |
|
1 |
|a Григорьева
|b Н. С.
|g Наталья Серафимовна
|
| 712 |
0 |
2 |
|a Северо-Западный заочный политехнический институт (СЗПИ)
|c (Ленинград)
|2 stltpush
|3 (RuTPU)RU\TPU\col\2602
|
| 801 |
|
0 |
|a RU
|b RuMRKP
|c 19950417
|g psbo
|
| 801 |
|
1 |
|a RU
|b 63413507
|c 20080610
|g PSBO
|
| 801 |
|
2 |
|a RU
|b 63413507
|c 20081101
|g PSBO
|
| 942 |
|
|
|c BK
|